Rubber plantation management in krek company ការងារថែទាំដំណាំកៅស៊ូនៅក្រុមហ៊ុនចំការកៅស៊ូក្រែក (Record no. 438)

000 -LEADER
fixed length control field 00544nam a22001577a 4500
003 - CONTROL NUMBER IDENTIFIER
control field OSt
005 - DATE AND TIME OF LATEST TRANSACTION
control field 20150914143853.0
008 - FIXED-LENGTH DATA ELEMENTS--GENERAL INFORMATION
fixed length control field 150914b xxu||||| |||| 00| 0 eng d
040 ## - CATALOGING SOURCE
Transcribing agency RUA
082 ## - DEWEY DECIMAL CLASSIFICATION NUMBER
Classification number AGR CHH 1999 B021 Or.1
100 ## - MAIN ENTRY--PERSONAL NAME
9 (RLIN) 458
Personal name CHHUN, RITHY.
245 ## - TITLE STATEMENT
Title Rubber plantation management in krek company ការងារថែទាំដំណាំកៅស៊ូនៅក្រុមហ៊ុនចំការកៅស៊ូក្រែក
260 ## - PUBLICATION, DISTRIBUTION, ETC. (IMPRINT)
Place of publication, distribution, etc. Phnom Penh
Name of publisher, distributor, etc. RUA
Date of publication, distribution, etc. 1999
300 ## - PHYSICAL DESCRIPTION
Extent 56p.
Other physical details ill.
Dimensions 29cm.
942 ## - ADDED ENTRY ELEMENTS (KOHA)
Source of classification or shelving scheme
Koha item type AGR
Holdings
Price effective from Date last seen Permanent Location Not for loan Date acquired Source of classification or shelving scheme Koha item type Lost status Withdrawn status Date last checked out Total Checkouts Shelving location Damaged status Barcode Current Location Full call number
2015-09-142015-09-14Library Block B 2015-09-14 AGR    B024 RUA004356Library Block BAGR CHH 1999 B024 Or.1
2015-09-142015-09-14Library Block B 2015-09-14 AGR    B024 RUA004360Library Block BAGR CHH 1999 B024 Or.2
2015-09-142015-09-14Library Block B 2015-09-14 AGR    B024 RUA004288Library Block BAGR CHH 1999 B024 Or.3
2015-09-142015-09-14Library Block B 2015-09-14 AGR    B024 RUA005149Library Block BAGR CHH 1999 B024 Or.4
2015-09-142015-09-14Library Block B 2015-09-14 AGR    B024 RUA005221Library Block BAGR CHH 1999 B024 Or.5
2015-09-142015-09-14Library Block B 2015-09-14 AGR    B024 RUA005293Library Block BAGR CHH 1999 B024 Or.6
2015-09-142015-09-14Library Block B 2015-09-14 AGR    B024 RUA005006Library Block BAGR CHH 1999 B024 Or.7
2015-09-142015-09-14Library Block B 2015-09-14 AGR    B024 RUA005294Library Block BAGR CHH 1999 B024 Or.8
2015-10-042023-02-17Library Block B 2015-10-04 AGR  2023-02-131B024 RUA019953Library Block BAGR CHH 1999 B021 Or.10
មជ្ឈមណ្ឌលឯការនៃសាកលវិទ្យាល័យភូមិន្ទកសិកម្មចំការដូង

Powered by Koha